Представление документа в формате MARC21

Поле Инд. ПП Название Значение
Тип записи a
Библиографический уровень m
001 Контрольный номер RU/IS/BASE/392740768
005 Дата корректировки 20220510111122.3
040 b Код языка каталог. rus
041 0_ a Код языка текста rus
080 a Индекс УДК 004.42
084 a Индекс другой классификации/Индекс ББК 32.973
090 a Полочн. индекс 681.3
x Авторский знак Т29
097 b Оператор 11
100 1_ a Автор Тейер Т.
245 10 a Заглавие Надёжность программного обеспечения
c Ответственность пер. с англ.
260 a Место издания М.
b Издательство Мир
c Дата издания 1981
300 a Объем 323 с.
510 0_ a Примечание о ссылках Книги и методические пособия
650 04 a Основная рубрика 50.41 Программное обеспечение вычислительных машин, комплексов и сетей
x Основная подрубрика 50.41.17 Системное программное обеспечение
653 0_ a Ключевые слова программное обеспечение; надёжность программного обеспечения
901 t Тип документа m